000 00771cab a2200241 4500
001 WB2646-31
008 090401t1990 xxu||||| |||| 00| 0 eng d
035 _a(Sirsi) u28937
041 _aeng
245 _aInadequate land search
260 _c1990
350 _a0
490 _aDaily Telegraph
_v22/11/90 p10
520 _aSolicitors were found to be negligent in failing to discover in a land search for clients, who subsequently purchased the residential property, that a gravel pit was to be excavated next to the property.
650 _aDAMAGES
650 _aEXCAVATION
650 _aLOCAL SEARCHES
650 _aMINING
650 _aNEGLIGENCE
690 _aMANAGEMENT-BUSINESS MANAGEMENT-PROFESSIONAL PRACTICE
942 _n0
948 _c04/03/1997
999 _c19469
_d19469